00941nam a22002417a 450000500170000001000130001702000220003003500130005203700160006504000120008108200180009310000250011124500460013626000500018227000530023230000240028550000500030965000630035965000410042294200270046399900190049095201900050920170124110002.0 aA-820971 c00.00a8170247993 aA-820971 bCen Lib/Ret aDPLbEN a364.1333bCHI aChitkara, M.G.92223 aCorruption ' N' cure /cby M.G. Chitkara  aNew Delhi bAPH Publishing Corporation c1997 bNew Delhi a5, Ansari Road, Dariya Ganj e110002 avi, 286p.c21cm(Hb) aIncludes bibliographical references and index a Business enterprises -- Corrupt practices -- India986285 aPolitical corruption -- India916040 2ddccENh364.1333mCHI c125919d125919 04104070aLbLd2015-06-24eCen Lib/Retg0.00l0o364.1333 CHIpA-820971r2015-06-24 00:00:00t1v0.00w2015-06-24yENzWritten off on approval by DLB (By Circulation); dtd 15-06-2023